Know-how - kľúčový faktor úspešnosti podniku?

Know-how - pojem, porovnanie s iným nehmotným majetkom. Metódy ohodnocovania know-how. Výška licenčných poplatkov.

Salvato in:
Dettagli Bibliografici
Autore principale: Kardoš, Peter
Altri autori: Jakubec, Miroslav
Natura: Capitolo di libro
Lingua:slovacco
Soggetti:
Tags: Aggiungi Tag
Nessun Tag, puoi essere il primo ad aggiungerne!!

MARC

LEADER 00000naa a2200000 4500
001 0122456
005 20240502072402.4
041 0 |a slo 
044 |a SK 
245 1 0 |a Know-how - kľúčový faktor úspešnosti podniku?  |c Peter Kardoš, Miroslav Jakubec 
520 |a Know-how - pojem, porovnanie s iným nehmotným majetkom. Metódy ohodnocovania know-how. Výška licenčných poplatkov. 
610 2 0 |a majetok nehmotný 
610 2 0 |a know-how 
610 2 0 |a pojmy 
610 2 0 |a metódy 
100 1 |a Kardoš, Peter 
700 1 |a Jakubec, Miroslav